01323 a2200229 4500003000500000005001700005010001600022020002800038040000900066082001700075100001800092245015300110260003600263300007400299440004600373505049800419650005600917650004400973650003601017651001901053700002101072Nust20251030101347.0 a 00065068 a1580531466 (alk. paper) cNust00a621.3845,ZAN1 aZander, Jens.10aRadio resource management for wireless networks / (Include CD) cJens Zander, Seong-Lyun Kim ; with software authors, Magnus Almgren, Olav Queseth. aBoston :bArtech House,cc2001. axiii, 378 p. :bill. ;c24 cm. +e1 computer optical disc (4 3/4 in.) 0aArtech House mobile communications series aIntroduction (Page-1), Link Performance in Interference Channel (Page-11), Wireless Network Models (Page-53), Principals of Cellular Systems (Page-69), Handover and Mobility (Page-121), Transmitter Power Control (Page-151), Dynamic Channel Allocation (Page-187), Orthogonal Frequency Hopping (Page-211), DS-SDMA in Wireless Networks (Page-229), Resource Management in Packet Access Systems (Page-259), Cell-Planning (Page-297), Some Fundamentals of wireless Infrastructure Economic (Page-307). 0aRadio resource management (Wireless communications) 0aTelecommunicationxTrafficxManagement. 0aWireless communication systems. a(Include CD) 1 aKim, Seong-Lyun.